THREAT MODELING (Registro nro. 56310)
[ vista simple ]
| 000 -LEADER | |
|---|---|
| fixed length control field | 00849nam a2200205 a 4500 |
| 001 - CONTROL NUMBER | |
| control field | 56310 |
| 005 - DATE AND TIME OF LATEST TRANSACTION | |
| control field | 20180714052017.0 |
| 008 - FIXED-LENGTH DATA ELEMENTS--GENERAL INFORMATION | |
| fixed length control field | 140415s2004 xxu 000 0 eng d |
| 020 ## - INTERNATIONAL STANDARD BOOK NUMBER | |
| International Standard Book Number | 0735619913 |
| 041 ## - LANGUAGE CODE | |
| Language code of text/sound track or separate title | eng |
| 082 ## - DEWEY DECIMAL CLASSIFICATION NUMBER | |
| Classification number | 005.8 |
| Item number | SWI |
| 100 1# - MAIN ENTRY--PERSONAL NAME | |
| Personal name | SWIDERSKI, FRANK |
| 245 10 - TITLE STATEMENT | |
| Title | THREAT MODELING |
| 250 ## - EDITION STATEMENT | |
| Edition statement | 1a ed. |
| 260 ## - PUBLICATION, DISTRIBUTION, ETC. | |
| Place of publication, distribution, etc. | ESTADOS UNIDOS DE AMERICA : |
| Name of publisher, distributor, etc. | MICROSOFT CORPORATION, |
| Date of publication, distribution, etc. | 2004 |
| 300 ## - PHYSICAL DESCRIPTION | |
| Extent | 149 |
| Dimensions | 19 x 2 x 23 |
| 520 ## - SUMMARY, ETC. | |
| Summary, etc. | IS THIS STRAIGHTFORWARD AND PRACTICAL GUIDE, MOCROSOFT APPLICATION SECURITY SPECIALISTS FRANK SWIDERSKI AND WINDOW SNYDER DESCRIBE THE CONCEPTS AND GOALS FOR THREAT MODELING -A STRUCTURED APPROACH FOR IDENTIFYING, EVALUATIN, AND MITIGATIN RISK TO SYSTEM SECURTIY |
| 650 14 - SUBJECT ADDED ENTRY--TOPICAL TERM | |
| Topical term or geographic name entry element | SEGURIDAD EN COMPUTADORES |
| General subdivision | REDES DE COPUTADORES |
| -- | MEDIDAS DE SEGURIDAD |
| 700 1# - ADDED ENTRY--PERSONAL NAME | |
| Personal name | SNYDER, WINDOW |
| Relator term | coaut. |
| Withdrawn status | Lost status | Source of classification or shelving scheme | Damaged status | Not for loan | Collection code | Home library | Current library | Shelving location | Date acquired | Source of acquisition | Inventory number | Total Checkouts | Full call number | Barcode | Date last seen | Price effective from | Koha item type |
|---|---|---|---|---|---|---|---|---|---|---|---|---|---|---|---|---|---|
| Dewey Decimal Classification | General | Biblioteca Karol Wojtyla | Biblioteca Karol Wojtyla | Sala general | 03/12/2013 | Compra | 151000000000000000059451 | '005.8 SWI | 84909 | 05/01/2026 | 03/12/2013 | Libro |